LEADER 03588nam 22004695 450 001 9910865253403321 005 20250807132510.0 010 $a9783031575303$b(electronic bk.) 010 $z9783031575297 024 7 $a10.1007/978-3-031-57530-3 035 $a(MiAaPQ)EBC31364730 035 $a(Au-PeEL)EBL31364730 035 $a(CKB)32228070100041 035 $a(DE-He213)978-3-031-57530-3 035 $a(OCoLC)1438669131 035 $a(EXLCZ)9932228070100041 100 $a20240603d2024 u| 0 101 0 $aeng 135 $aurcnu|||||||| 181 $ctxt$2rdacontent 182 $cc$2rdamedia 183 $acr$2rdacarrier 200 10$aOrthodontic Management of Class II Malocclusion $eAn Evidence-Based Guide /$fedited by Martyn T. Cobourne 205 $a1st ed. 2024. 210 1$aCham :$cSpringer International Publishing :$cImprint: Springer,$d2024. 215 $a1 online resource (182 pages) 225 0 $aMedicine Series 311 08$aPrint version: Cobourne, Martyn T. Orthodontic Management of Class II Malocclusion Cham : Springer International Publishing AG,c2024 9783031575297 327 $aEpidemiological and Clinical Features of Class II Malocclusion -- Treatment Timing for Class II Malocclusion -- An Evidence Base of Treatment Outcome for Class II Malocclusion -- Removable Functional Appliances in the Management of Class II Malocclusion -- Fixed Functional Appliances in the Management of Class II Malocclusion -- Molar Distalisation Techniques in the Management of Class II Malocclusion -- Fixed Appliance Treatment in the Management of Class II Malocclusion -- Class II Division 2 Malocclusion -- Lingual Appliances in the Management of Class II Malocclusion -- Aligner-Based Class II Treatment -- Orthodontic-Surgical Management of Class II Malocclusion -- Retention. 330 $aThis multi-author clinical guide provides an evidence-based account of the orthodontic management of class II malocclusion. It begins with an overview of class II malocclusion including clinical examples and epidemiological data. This is followed by a chapter discussing timing of treatment, both early and late, and pre- and post-pubertal interventions. Information is given on the evidence base underlying outcomes of treatment, and on clinical management of class II malocclusion, beginning with techniques aimed at growth modification including removable functional appliances, fixed functional appliances and molar distalisation. The book includes a stand-alone chapter on class II division 2 malocclusion and explains conventional camouflage-based orthodontic treatment, treatment of class II malocclusion with lingual appliances and orthodontic-surgical management of class II cases. The last chapters are dedicated to management of class II cases with aligners and retention. In this book, there is an emphasis on evidence-based management of these developing problems and each chapter is richly illustrated with clinical examples. The chapters have been written by an international field of expert clinicians and academics, and will appeal to a wide range of clinicians, including undergraduate dental students, orthodontic specialist trainees and established specialist orthodontists. 606 $aDentistry 606 $aDentistry 615 0$aDentistry. 615 14$aDentistry. 676 $a617.643 700 $aCobourne$b Martyn T$01696291 801 0$bMiAaPQ 801 1$bMiAaPQ 801 2$bMiAaPQ 912 $a9910865253403321 996 $aOrthodontic Management of Class II Malocclusion$94168682 997 $aUNINA